Horse (equestrian) sports - Statistics

General Stats
  • This quiz has been taken 295 times
  • The average score is 6 of 21
Answer Stats
Sport % Correct
Dressage
95%
Show Jumping
86%
Eventing
69%
Polo
69%
Barrel racing
53%
Vaulting
38%
Endurance riding
24%
Reining
23%
Pole bending
19%
Mounted games
17%
Western pleasure
17%
Combined driving
16%
Endurance driving
15%
Fox hunting
13%
Polocrosse
5%
Calf roping
4%
Thoroughbred racing
4%
Harness racing
3%
Team roping
3%
Bareback riding
1%
Steeplechase racing
1%
No matching quizzes found
Score Distribution
Percent of People with Each Score
Percentile by Number Answered
Your Score History
You have not taken this quiz